Procurement Guidance Notes (PGNs) (Record no. 115771)
[ view plain ]
| 000 -LEADER | |
|---|---|
| fixed length control field | 01321cam a22002295a 4500 |
| 001 - CONTROL NUMBER | |
| control field | L159264 |
| 008 - FIXED-LENGTH DATA ELEMENTS--GENERAL INFORMATION | |
| fixed length control field | 130424sy xxk f 001 0 eng d |
| 035 ## - SYSTEM CONTROL NUMBER | |
| System control number | (Sirsi) u159264 |
| 041 0# - LANGUAGE CODE | |
| Language code of text/sound track or separate title | eng |
| 050 04 - LIBRARY OF CONGRESS CALL NUMBER | |
| Classification number | 658.404 $2 18 |
| 110 2# - MAIN ENTRY--CORPORATE NAME | |
| Corporate name or jurisdiction name as entry element | Department of Finance and Personnel in Northern Ireland |
| 9 (RLIN) | 4073 |
| 245 00 - TITLE STATEMENT | |
| Title | Procurement Guidance Notes (PGNs) |
| Medium | [electronic resource] |
| 260 ## - PUBLICATION, DISTRIBUTION, ETC. | |
| Name of publisher, distributor, etc. | DFPNI |
| 520 ## - SUMMARY, ETC. | |
| Summary, etc. | Central Procurement Directorate (CPD) is responsible for disseminating advice and guidance to the Northern Ireland public sector on public procurement policies and for monitoring implementation. CPD does this through the publication of Procurement Guidance Notes (PGNs). |
| 520 ## - SUMMARY, ETC. | |
| Summary, etc. | These Procurement Guidance Notes are developed in consultation with the Centres of Procurement Expertise (CoPEs). Once endorsed by the Procurement Board, they are issued to Departments and CoPEs and placed on CPD?s website. They are, therefore, the administrative means by which the public sector is advised of procurement policy and best practice developments. |
| 521 ## - TARGET AUDIENCE NOTE | |
| Target audience note | Advanced |
| 590 ## - LOCAL NOTE (RLIN) | |
| Local note | KA |
| 651 #4 - SUBJECT ADDED ENTRY--GEOGRAPHIC NAME | |
| Geographic name | Northern Ireland |
| Chronological subdivision | 2007- |
| 690 ## - LOCAL SUBJECT ADDED ENTRY--TOPICAL TERM (OCLC, RLIN) | |
| Topical term or geographic name as entry element | Procurement |
| 9 (RLIN) | 6260 |
| 856 48 - ELECTRONIC LOCATION AND ACCESS | |
| Uniform Resource Identifier | <a href="https://www.finance-ni.gov.uk/articles/procurement-guidance-notes-pgns">https://www.finance-ni.gov.uk/articles/procurement-guidance-notes-pgns</a> |
| Public note | View the guidances free at www.dfpni.gov.uk... |
| 942 ## - ADDED ENTRY ELEMENTS (KOHA) | |
| Suppress in OPAC | 0 |
| Withdrawn status | Lost status | Source of classification or shelving scheme | Damaged status | Not for loan | Home library | Current library | Shelving location | Date acquired | Total Checkouts | Full call number | Barcode | Date last seen | Copy number | Price effective from | Koha item type |
|---|---|---|---|---|---|---|---|---|---|---|---|---|---|---|---|
| Dewey Decimal Classification | Virtual | Virtual | Online | 13/04/2016 | WEBSITE | 159264-2001 | 06/08/2019 | 1 | 06/08/2019 | Online material |